La Casa de Tezontle : monografía de la Casa Zuno /

Guardat en:
Dades bibliogràfiques
Autor principal: Villaseñor, Arnulfo (autor)
Altres autors: Sordo Vilchis, Avelino (texto) (texto), Regil, Cuauhtémoc del (texto) (texto), Camacho Becerra, Arturo (texto) (texto), Becerra, Gloria (texto) (texto), Huízar Zuno, Javier (texto) (texto), Padilla López, José Trinidad (presentación) (presentación)
Format: Llibre
Idioma:espanyol
Publicat: Guadalajara, México : Universidad de Guadalajara, Archivo Histórico, 1998, c1998
Matèries:
Etiquetes: Afegir etiqueta
Sense etiquetes, Sigues el primer a etiquetar aquest registre!

MARC

LEADER 00000nam^a2200000^a^4500
001 000275385
005 20250521000000.0
009 20260310111230.1
020 |a 968-895-812-3 
037 |a Acervo ITESO - Biblioteca 
041 |a ESP 
082 |a 720. 972352062  |b VIL SOR 
100 |a Villaseñor, Arnulfo  |e (autor) 
245 1 3 |a La Casa de Tezontle :  |b monografía de la Casa Zuno /  |c A. Villaseñor ; texto de A. Sordo Vilchis, C. del Regil, A. Camacho Becerra, G. Becerra, J. Huízar Zuno ; presen. de J.T. Padilla López. 
264 4 |a Guadalajara, México :  |b Universidad de Guadalajara, Archivo Histórico,  |c 1998, c1998 
300 |a 78 p. 
336 |a texto  |b txt  |2 rdacontenido 
337 |a sin mediación  |b n  |2 rdamedio 
338 |a volumen  |b nc  |2 rdasoporte 
649 |a XX 
650 |a Residencias -  |z Guadalajara, Jalisco -  |x Tema Principal 
650 |a Residencias -  |z México 
650 |a Nacionalismo en la Arquitectura -  |z Guadalajara, Jalisco -  |x Historia y Crítica 
650 |a Nacionalismo en la Arquitectura -  |z México -  |x Historia y Crítica 
650 |a Arquitectura Ecléctica -  |z Guadalajara, Jalisco -  |x Historia y Crítica 
650 |a Arquitectura Ecléctica -  |z México -  |x Historia y Crítica 
650 |a Arquitectura Romántica e Historicista -  |z Guadalajara, Jalisco -  |x Historia y Crítica 
650 |a Arquitectura Romántica e Historicista -  |z México -  |x Historia y Crítica 
650 |a Arquitectura Jalisciense -  |x Historia y Crítica 
650 |a Arquitectura Jalisciense -  |y Siglo XX 
650 |a Arquitectura Mexicana -  |x Historia y Crítica 
650 |a Arquitectura Mexicana -  |y Siglo XX 
650 |a Nacionalismo en el Arte -  |z Guadalajara, Jalisco -  |x Historia y Crítica 
650 |a Nacionalismo en el Arte -  |z México -  |x Historia y Crítica 
650 |a Arte Romántico e Historicista -  |z Guadalajara, Jalisco -  |x Historia y Crítica 
650 |a Arte Romántico e Historicista -  |z México -  |x Historia y Crítica 
650 |a Arte Jalisciense -  |x Historia y Crítica 
650 |a Arte Jalisciense -  |y Siglo XX 
650 |a Arte Mexicano -  |x Historia y Crítica 
650 |a Arte Mexicano -  |y Siglo XX 
650 |a Guadalajara, Jalisco -  |x Descripción 
650 |a Guadalajara, Jalisco -  |x Historia -  |y Siglo XX 
650 |a México -  |x Descripción 
650 |a México -  |x Historia -  |y Siglo XX 
650 |a Zuno Hernández, José Guadalupe 
700 |a Sordo Vilchis, Avelino  |e (texto) 
700 |a Regil, Cuauhtémoc del  |e (texto) 
700 |a Camacho Becerra, Arturo  |e (texto) 
700 |a Becerra, Gloria  |e (texto) 
700 |a Huízar Zuno, Javier  |e (texto) 
700 |a Padilla López, José Trinidad  |e (presentación) 
910 |a Fondo General 
920 |a Impresos - Libros 
930 |a Reserva Especial 
905 |a 103 
901 |a 0500025565  |b IT1  |c REE  |u 20250521 
902 |a https://opac.biblio.iteso.mx/vufind/Record/000275385